000 01655nam1a2200301 i 4500
001 RU\NLR\BIBL_A\012470936
005 20260409071920.0
035 _a(NLR Aleph) 012470936
090 _a12079139
_c12079139
100 _a20210311g20209999km y0rusy50 ca
101 0 _arus
102 _aRU
105 _a||||z||||||||
181 0 _ai1
_baxxe
182 0 _an
200 1 _aСовременные информационные технологии и процессы
_eколлективная монография
_fответственный редактор и составитель Т. В. Пирязева
_gРегиональное отделение "Информационные технологии и процессы" общественной организации "Международная академия информатизации"
203 _aТекст
_bвизуальный
_cнепосредственный
210 _aМосква
_cЭкон-Информ
_d2020
215 _d21
606 _aИнформационные технологии
_3RU\NLR\AUTH\66778624
_91740175
686 1 _aЗ973.233
702 1 _aПирязева
_bТ. В.
_gТатьяна Васильевна
_4220
712 0 2 _4570
_aМеждународная академия информатизации
_bРегиональное отделение "Информационные технологии и процессы"
_cМосква
_9715932
_3RU\NLR\AUTH\880527153
852 _aNLR
_j2021-4/1835
942 _cBOOK